Smith vyhral guľu a bol tretí v disku zimný Európsky pohár vo vrhoch v Mersine: aj s úspešnými vrhačmi z Madridu

Bibliographic Details
Format: Article
Language:Slovak
ISSN:0139-7001
Subjects:

MARC

LEADER 00000nab a2200000 a 4500
001 vtls001520579
003 SK-MaSNL
005 20260303185659.0
008 050321c20050314xo dr|p|||||||000 b|slo
015 |a SNBRB2005/03  |2 snkbucl 
038 |a SNKBUCL 
040 |a SNKBUCL  |b slo  |c SNKBUCL  |e AACR2 
041 0 |a slo 
044 |a xo  |c SK 
080 |a 796.433.093.1  |x (4)  |2 UDC-MRF-SK2 
245 0 0 |a Smith vyhral guľu a bol tretí v disku  |b zimný Európsky pohár vo vrhoch v Mersine: aj s úspešnými vrhačmi z Madridu 
648 7 |a 2005  |2 snkbucl  |9 305506 
650 0 7 |a atletika   |2 snkbucl  |9 3279 
650 0 7 |a vrhy (atletika)  |2 snkbucl  |9 73026 
650 0 7 |a Európsky pohár  |2 snkbucl  |9 872804 
651 7 |a Mersin (Turecko)  |2 snkbucl  |9 73027 
773 0 |t Šport  |g Roč. 59, č. 60 (14.3.2005), s. 40  |x 0139-7001 
852 |a SNK  |b KIS3GCP 
999 |c 2132421  |d 2134351